| 000 | 02431cam a22004934i 4500 | ||
|---|---|---|---|
| 003 | PE-LiUPU | ||
| 005 | 20250731173401.0 | ||
| 008 | 150706s r 000 0 d | ||
| 020 | _a9780829753721 | ||
| 035 | _a(Sirsi) i9780829753721 | ||
| 040 |
_aPE-LiUPU _bspa _cPE-LiUPU _erda |
||
| 049 | _aPRUA | ||
| 082 | 0 | 4 |
_a270.82 _bR71 _221 |
| 100 | 1 |
_aRoberts, Bob, _eautor. |
|
| 245 | 1 | 0 |
_aGlocalización : _bcómo los seguidores de Jesús enfrentan un mundo sin gracia / _cBob Roberts. |
| 264 | 1 |
_aMiami, Florida : _bEditorial Vida, _c2009. |
|
| 300 |
_a240 páginas : _bilustraciones ; _c22 centímetros |
||
| 336 |
_atext _2rdacontent |
||
| 337 |
_aunmediated _2rdamedia |
||
| 338 |
_avolume _2rdacarrier |
||
| 504 | _aIncluye notas bibliográficas. | ||
| 505 | 0 | _a¿Por qué los creyentes deben intervenir en la glocalización hoy? -- ¡Todo el mundo se ha tornado glocal! -- Todo se trata del reino de Dios; no de las misiones -- Nacido en una familia, llamado a una ciudad -- Toda nación bajo Dios; y todavía más -- Cómo ser prácticos en cuanto a lo que podemos hacer -- Envie a toda la iglesia -- Siga a Jesús en CNN -- Llame primero a la puerta del frente -- Reduzca el occidente para que el oriente pueda crecer -- Fomente la cultura en lugar de luchar contra ella -- Sirva no para convertir, sino porque ha sido convertido -- Sea el mejor amigo de Gandhi -- Cómo se hará la obra (valores clave) -- supere su llamamiento a predicar -- Enfrente su temor a la muerte -- Dependa del Espíritu santo. | |
| 526 | _aSEG42 | ||
| 526 | _aSEG41 | ||
| 526 | _aSEG40 | ||
| 526 | _aSEG39 | ||
| 526 | _aP94 | ||
| 526 | _aP87 | ||
| 526 | _aP86 | ||
| 526 | _aP85 | ||
| 526 | _aP77 | ||
| 526 | _aP76 | ||
| 526 | _aP35 | ||
| 541 | _g001-0000506; | ||
| 650 | 0 | 4 |
_aCristianismo _xPredicciones. |
| 650 | 0 | 4 |
_aCristianismo _ySiglo XXI. |
| 650 | 0 | 4 |
_aGlobalización _xCristianismo. |
| 910 |
_agl _bjck _d20110217 |
||
| 942 |
_2ddc _cBOOK |
||
| 949 |
_a270.82 R71 _wDEWEY _c1 _i62637 _lCCODEBUL1 _mBUL _p16.00 _r0 _sY _tBOOK _u2015-7-6 _xTEOLOGIA _PP35 _0COMPRA _o.STAFF. Colección General |
||
| 994 |
_aC0 _bPEPRU |
||
| 596 | _a1 | ||
| 999 |
_a270.82 R71 _wDEWEY _c51735 _i62637 _f2021-11-11 _g6 _lCCODEBUL1 _mBUL _p16.00 _r0 _sY _tBOOK _u2015-7-6 _xTEOLOGIA _PP35 _0COMPRA _o.STAFF. Colección General _d51735 |
||
| 980 |
_81 _gALBERTO SANCHEZ Responsable de Automatización |
||